000 00357nam a2200133Ia 4500
008 100328s9999 xx 000 0 und d
082 _b19131
100 _aसाठे अण्णाभाऊ
245 _aलाडी
260 _bचंद्रकांत शेट्ये
630 _aलाडी
730 _aलाडी
942 _cBOOK
999 _c513470
_d513467